000
00323nam a22001457a 4500
003
SGT
020
_a
9788126143054
082
_a
320.954,JOH
100
_a
JOHARI,J.C.
245
_a
INDIAN POLITICAL SYSTEM
260
_a
NEW DELHI
_b
ANMOL
_c
2010
300
_a
370
650
_a
INDIAN POLITICAL SYSTEM
942
_2
ddc
_c
BK
_0
2
999
_c
10254
_d
10254